[Event "St Petersburg Korchnoi Memorial op"]
[Site "St Petersburg"]
[Date "2023.08.19"]
[Round "3"]
[White "Gulyan, Artur"]
[Black "Balandina, Alisa"]
[Result "0-1"]
[WhiteElo "1353"]
[BlackElo "1803"]
[PlyCount "70"]
[EventDate "2023.08.18"]
[EventType "swiss"]
[EventRounds "9"]
[EventCountry "RUS"]
[SourceTitle "EXT 2024"]
[Source "ChessBase"]
[SourceDate "2023.10.10"]
[SourceVersion "1"]
[SourceVersionDate "2023.10.10"]
[SourceQuality "1"]

1. d4 d5 2. c4 dxc4 3. e3 e5 4. Bxc4 Nc6 5. Nf3 e4 6. Nfd2 Qg5 7. Nxe4 Qxg2 8. Ng3 Qh3 9. Qb3 Nh6 10. Nc3 Bd6 11. Nce4 Bxg3 12. Nxg3 0-0 13. Bd2 Nf5 14. 0-0-0 Nd6 15. Bd3 a5 16. Rdg1 Re8 17. Ne2 a4 18. Qc2 Bf5 19. Nf4 Bxd3 20. Qxd3 Qf5 21. Qxf5 Nxf5 22. Rg5 g6 23. Nd5 Red8 24. Nb4 Nce7 25. Nd3 b6 26. Bb4 c5 27. dxc5 Rxd3 28. cxb6 Rc8+ 29. Bc3 Rd6 30. b7 Rb8 31. Be5 Rc6+ 32. Kd2 Rxb7 33. h4 f6 34. Bxf6 Rxf6 35. h5 Rxb2+ 0-1